000 00381nam a22001577a 4500
020 _a0-340-88228-X
082 _a823
_bTHO/F
100 _aTHOMSON, EMMA
245 _aFAIRY FLUSTER
_bFELICITY WISHES
246 _aFAIRY FLUSTER
_bFELICITY WISHES
260 _aLONDON
_bHODDER CHILDRE,S BOOKS
_c2004
300 _a55
520 _aSHORT STORY
650 _aSHORT STORY
942 _cBK
999 _c3212
_d3212